000 00272 a2200121 4500
001 38631
090 _c24499
_d24499
100 _aEzzell B
245 _aNT 4 Window 95: Developers handbook
260 _aNew Delhi
_bPBP Publication
_c1997
300 _ewith CD
520 _aCD/DVD
942 _aNUST-CAE
999 _c273704
_d273704